Історія держави і права України (Запис № 353540)
[ простий вигляд ]
| 000 -Лідер | |
|---|---|
| fixed length control field | 01768nam a22002657a 4500 |
| 001 - Контрольний номер | |
| control field | 67454 |
| 003 - Ідентифікатор контрольного номера | |
| control field | UA-OsUOA |
| 005 - Дата та час останнього входження (трансакції) | |
| control field | 20230504161306.0 |
| 007 - Фіксоване поле фізичного опису | |
| fixed length control field | ta |
| 008 - Елементи даних фіксованої довжини – загальна інформація | |
| fixed length control field | 20100223b un ||||| |||| 00| 0 ukr d |
| 020 ## - Міжнародний стандартний книжковий номер (ISBN) | |
| Міжнародний стандартний книжковий номер (ISBN) (НП) | 9789663463544 |
| 040 ## - Джерело каталогізації | |
| Агенція оригінальної каталогізації | UA-OsUOA |
| Мова каталогізації | ukr |
| Агенція, яка здійснювала перезапис | UA-OsUOA |
| Агенція, яка здійснювала модифікацію | UA-OsUOA |
| 041 ## - Код мови | |
| Код мови тексту/ звукової доріжки чи окремого заголовка (П) | ukr |
| 080 ## - Індекс Універсальної десяткової класифікації | |
| Індекс Універсальної десяткової класифікації (УДК) (НП) | 340.12(091)(477)(075.8) |
| 090 ## - Локальний шифр розміщення | |
| Класифікаційний індекс УДК | 340.12(091)(477)(075.8) |
| Авторський знак (НП) | М90 |
| 100 ## - Основне введення – ім’я особи | |
| Ім’я особи (НП) | Музиченко П. |
| 245 ## - Відомості про назву | |
| Назва (НП) | Історія держави і права України |
| 260 ## - Публікація, розповсюдження і т.п. (Вихідні дані) | |
| Місце публікації, розповсюдження і т.п. (П) | К. |
| Ім’я/ наймення видавництва, розповсюджувача і т.п. (П) | Знання |
| Дата публікації, розповсюдження і т.п. (П) | 2007 |
| 300 ## - Фізичний опис | |
| Обсяг | 471 с. |
| 520 ## - Резюме і т.п. | |
| Резюме, реферат, анотація, тощо (НП) | Спираючись на найновіші досягнення світової історичної думки, публікації вітчизняних та зарубіжних учених, значна частина яких тривалий час залишалась недоступною Для громадян України, автору вдалося створити один із найповніших сучасних навчальних посібників з історії держави і права України. Посібник має системний характер. Автор послідовно розкриває основні етапи формування суспільного та державного ладу, права, суду і судового процесу в Україні починаючи з часів Київської Русі до сьогодення. |
| 650 #7 - Додаткове предметне введення – тематичний термін | |
| Тематичний термін чи географічна назва, як елемент введення (НП) | 340 Право в цілому. Пропедевтика. Методи та допоміжні правничі науки |
| Джерело заголовка чи терміна | UDC |
| 942 ## - Додаткові елементи входу (Коха) | |
| Тип елемента Koha | Книги |
| Source of classification or shelving scheme | Universal Decimal Classification |
| 955 ## - Код типу видання за змістом | |
| Код типу видання за змістом (НП) | Навчальні видання |
| Стан вилучень | Стан втрат | Джерело класифікації або схеми стелажів | Стан уражень | Не для кредиту | Постійне місце розташування | Поточне розміщення | Дата придбання | Джерело придбання | Вартість, звичайна ціна покупки | Інвентарний номер | Усього замовленно | Повний номер виклику | Штрих-код | Дата останнього перегляду | Ціна ефективна від | Тип елемента Koha |
|---|---|---|---|---|---|---|---|---|---|---|---|---|---|---|---|---|
| Universal Decimal Classification | АБ - Абонемент НБ | АБ - Абонемент НБ | 23/02/2010 | 12/2010 | 38.00 | 126653 | 340.12(091)(477)(075.8) М90 | 126653 | 13/12/2021 | 23/02/2010 | Книги |